[Event "Dundee & Angus Major"]
[Site "?"]
[Date "2009.10.18"]
[Round "5"]
[White "Robertson, John"]
[Black "Cubitt, David"]
[Result "0-1"]
[WhiteElo "1278"]
[BlackElo "1435"]
[Annotator ",Raymond"]
[PlyCount "94"]

{32MB, Fritz9.ctg, CASTLEHILL} 1. Nf3 1... Nf6 2. d4 d6 3. Nbd2 g6 4. e3 Bg7 5.
c3 O-O 6. Bc4 d5 7. Bd3 Bg4 8. Qb3 Qc8 9. h3 Bxf3 10. Nxf3 Nbd7 11. O-O c6 12.
Re1 Qc7 13. Qc2 Rfe8 14. Bd2 e5 15. dxe5 Nxe5 16. Nxe5 Rxe5 17. f4 Re6 18. Rf1
Ne4 19. Bxe4 Rxe4 20. Rf3 Rae8 21. Raf1 f5 22. h4 Qb6 23. Qc1 c5 24. b3 d4 25.
c4 Qe6 26. Kh2 dxe3 27. Be1 Qd6 28. Bg3 Qd2 29. Qxd2 exd2 30. Rd3 Re1 31. Rxd2
Rxf1 32. a3 Kf7 33. b4 cxb4 34. axb4 Bc3 35. Rd7+ Re7 36. Rd8 Bxb4 37. h5 Be1
38. hxg6+ hxg6 39. c5 Bxg3+ 40. Kxg3 Rc7 41. Rd5 Rc1 42. Kh3 R1xc5 43. Rd2 a5
44. Kh4 a4 45. Kg5 Rc2 46. Rd1 Rxg2+ 47. Kh6 Rc8 0-1